| 000 | 01785nam a2200397Mi 4500 | ||
|---|---|---|---|
| 001 | 46971 | ||
| 003 | BJBSDDR | ||
| 005 | 20240726110054.0 | ||
| 007 | ta | ||
| 008 | 060315s2006 sp 000 0 spa d | ||
| 020 | _a8497424727 | ||
| 020 | _a9788497424721 | ||
| 029 | 0 |
_aPL# _b060004852 |
|
| 035 | _a(OCoLC)ocm65461459 | ||
| 035 | _a(OCoLC)65461459 | ||
| 040 |
_aPL# _beng _cPL# |
||
| 041 | _aeng | ||
| 050 | 1 | 4 |
_aHD 4904.25 _bD441 2006 |
| 245 | 0 | 4 |
_aLos desafíos de la conciliación de la vida familiar y profesional en el siglo XXI / _cElena Casado Aparicio, Concepción Gómez Esteban (Eds.) |
| 260 |
_aMadrid : _bEditorial Biblioteca Nueva ; _bFundación José Ortega y Gasset, _cc2006. |
||
| 300 |
_a284 páginas ; _c24 cm. |
||
| 440 | 0 |
_aColección El Arquero ; _v8 _937568 |
|
| 500 | _aBibliografía al final de cada capítulo. | ||
| 520 | _aEstudios y ensayos multidisciplinares sobre el alcance de los retos de la conciliación entre la familia y el empleo. Se analizan los contextos (mujer y mercado laboral, situación en Europa de la conciliación, papel de hombres y mujeres, etc.) , identidades (roles de género) y prácticas de la conciliación (condiciones de empleo y de familia de las "amas de casa", situación de las madres trabajadoras, reestructuración de las familias y los hogares, etc.) | ||
| 650 | 4 |
_aTrabajo y familia _xPolítica gubernamental _937569 _zPaíses de la Unión Europea |
|
| 650 | 4 |
_aTrabajo _925679 |
|
| 650 | 4 |
_aFamilia _9279 |
|
| 650 | 4 |
_aVida familiar _937570 |
|
| 653 | _aVida activa. | ||
| 653 | _aVida familiar. | ||
| 653 | _aSituación social. | ||
| 700 | 1 |
_aCasado Aparicio, Elena, _d1967- _eeditora _937571 |
|
| 700 | 1 |
_aGómez Esteban, Concepción _eeditora _937572 |
|
| 942 |
_2lcc _cBK |
||
| 946 | _amfcruz | ||
| 999 |
_c29546 _d29546 |
||